000
00290nam a2200121Ia 4500
005
20251222143303.0
008
251222s9999||||xx |||||||||||||| ||spa||
082
_a
616.85/O44
100
_a
Oliver Paredes, Ernesto
245
0
_a
La Enfermedad Mental:
264
_b
Libro Amigo
942
_c
LIB
999
_c
15418
_d
15418